Historia económica y estado en Centroamérica /

Guardado en:
Bibliografiske detaljer
Hovedforfatter: Araya Pochet, Carlos
Format: Texto
Tags: Tilføj Tag
Ingen Tags, Vær først til at tagge denne postø!

MARC

LEADER 00000 a a2200000 04500
001 3207
003
040
100 |a Araya Pochet, Carlos  
245 |a Historia económica y estado en Centroamérica /  |c Carlos Araya Pochet 
500 |a También: Ponencia al III Congreso Centroamericano de Sociología, doc. UNIDI n. 03111.00 y doc. FLACSO n. 01619.00  
773 |g volumen 2, número 3; páginas 69-83  
999 |c 26899  |d 26899